[Event "Valasska Bystrice op"]
[Site "Valasska Bystrice"]
[Date "2023.09.16"]
[Round "9"]
[White "Valenta, Josef"]
[Black "Holis, Matyas"]
[Result "0-1"]
[WhiteElo "1453"]
[BlackElo "1227"]
[PlyCount "96"]
[EventDate "2023.09.09"]
[EventType "swiss"]
[EventRounds "9"]
[EventCountry "CZE"]
[SourceTitle "CBM 216 Extra"]
[Source "ChessBase"]
[SourceDate "2023.11.30"]
[SourceVersion "1"]
[SourceVersionDate "2023.11.30"]
[SourceQuality "1"]

1. e4 c5 2. Nf3 d6 3. Bb5+ Bd7 4. Bxd7+ Qxd7 5. 0-0 Nf6 6. Qe2 e6 7. d4 cxd4 8. Nxd4 Nc6 9. Nf3 Rc8 10. Rd1 Qc7 11. Nc3 Be7 12. a3 0-0 13. h3 Rfd8 14. Nb5 Qb8 15. c4 a6 16. Nc3 Na5 17. Nd2 Qc7 18. b3 b5 19. Bb2 bxc4 20. b4 Nb3 21. Rab1 Nxd2 22. Qxd2 Qc6 23. Qe2 Nd7 24. Qg4 Bf6 25. Qe2 Bxc3 26. Bxc3 Nb6 27. f3 Na4 28. Rbc1 Nxc3 29. Rxc3 Rd7 30. Kh2 d5 31. Rdc1 Qd6+ 32. Kh1 Rdc7 33. e5 Qc6 34. Qe3 Qb7 35. Qd4 Qb5 36. f4 a5 37. bxa5 Qxa5 38. h4 Qc5 39. Qd1 Qf2 40. Qg4 d4 41. Rg3 g6 42. h5 d3 43. hxg6 hxg6 44. Rh3 d2 45. Rd1 c3 46. Qg5 c2 47. Qh6 cxd1Q+ 48. Kh2 Qdg1# 0-1

[Event "Valasska Bystrice op"]
[Site "Valasska Bystrice"]
[Date "2023.09.12"]
[Round "5"]
[White "Oktavec, Ivan"]
[Black "Holis, Matyas"]
[Result "1-0"]
[WhiteElo "1574"]
[BlackElo "1227"]
[PlyCount "101"]
[EventDate "2023.09.09"]
[EventType "swiss"]
[EventRounds "9"]
[EventCountry "CZE"]
[SourceTitle "CBM 216 Extra"]
[Source "ChessBase"]
[SourceDate "2023.11.30"]
[SourceVersion "1"]
[SourceVersionDate "2023.11.30"]
[SourceQuality "1"]

1. d4 d5 2. Bf4 e6 3. e3 c5 4. c3 Nc6 5. Nf3 Nf6 6. Nbd2 a6 7. Bd3 Be7 8. Ne5 0-0 9. Ndf3 Nh5 10. Bxh7+ Kxh7 11. Ng5+ Bxg5 12. Qxh5+ Kg8 13. Bxg5 f6 14. Ng6 fxg5 15. Nxf8 Qxf8 16. Qxg5 cxd4 17. exd4 Bd7 18. 0-0-0 Rc8 19. Kb1 Qf6 20. Qg3 Rf8 21. f3 Qf5+ 22. Ka1 Rc8 23. Rc1 b5 24. Rhe1 b4 25. Qd6 Qf7 26. cxb4 Nxd4 27. Rxc8+ Bxc8 28. Qd8+ Qf8 29. Qxf8+ Kxf8 30. Rc1 Bd7 31. b3 Nb5 32. Kb2 Ke7 33. a4 Nd4 34. h4 Kd6 35. h5 Nf5 36. g4 Nd4 37. g5 Nxf3 38. h6 gxh6 39. g6 Ke7 40. Rf1 Kf6 41. g7 Kxg7 42. Rxf3 h5 43. Kc3 e5 44. Rg3+ Kf6 45. b5 axb5 46. a5 Kf7 47. a6 Bc6 48. Rg5 d4+ 49. Kb4 e4 50. Kc5 Ba8 51. Kxd4 1-0

[Event "Valasska Bystrice op"]
[Site "Valasska Bystrice"]
[Date "2023.09.10"]
[Round "3"]
[White "Holis, Matyas"]
[Black "Romanek, Zdenek"]
[Result "1/2-1/2"]
[WhiteElo "1227"]
[BlackElo "1644"]
[PlyCount "57"]
[EventDate "2023.09.09"]
[EventType "swiss"]
[EventRounds "9"]
[EventCountry "CZE"]
[SourceTitle "CBM 216 Extra"]
[Source "ChessBase"]
[SourceDate "2023.11.30"]
[SourceVersion "1"]
[SourceVersionDate "2023.11.30"]
[SourceQuality "1"]

1. d4 e6 2. c4 d5 3. Nc3 Nf6 4. Bg5 Be7 5. Nf3 c6 6. e3 0-0 7. Bd3 Nbd7 8. 0-0 Re8 9. Qc2 h6 10. Bh4 b6 11. Rac1 Bb7 12. Rfd1 Bd6 13. a3 a5 14. Qb3 Ba6 15. cxd5 Bxd3 16. dxe6 Rxe6 17. Rxd3 Qb8 18. Bxf6 Nxf6 19. Qc2 Ra7 20. Ne2 Rae7 21. Rc3 Rc7 22. Qa4 Qa8 23. b4 Ne4 24. R3c2 Nf6 25. g3 b5 26. Qb3 axb4 27. axb4 Nd5 28. Nf4 Bxf4 29. exf4 1/2-1/2

[Event "Valasska Bystrice op"]
[Site "Valasska Bystrice"]
[Date "2023.09.09"]
[Round "1"]
[White "Holis, Matyas"]
[Black "Susen, Jaroslav"]
[Result "0-1"]
[WhiteElo "1227"]
[BlackElo "1777"]
[PlyCount "100"]
[EventDate "2023.09.09"]
[EventType "swiss"]
[EventRounds "9"]
[EventCountry "CZE"]
[SourceTitle "CBM 216 Extra"]
[Source "ChessBase"]
[SourceDate "2023.11.30"]
[SourceVersion "1"]
[SourceVersionDate "2023.11.30"]
[SourceQuality "1"]

1. d4 d5 2. c4 c6 3. Nc3 Nf6 4. Nf3 Bf5 5. e3 e6 6. Qb3 Qb6 7. Qxb6 axb6 8. Be2 Bd6 9. 0-0 Nbd7 10. Bd2 0-0 11. a3 h6 12. Rac1 Ne4 13. Rfd1 Rfe8 14. Be1 dxc4 15. Bxc4 b5 16. Bd3 Nxc3 17. Bxc3 Bg4 18. Be2 Nf6 19. h3 Bf5 20. Bd3 Be4 21. Bxe4 Nxe4 22. Nd2 Nxd2 23. Rxd2 Ra4 24. Rdc2 Rea8 25. Bd2 b4 26. axb4 Bxb4 27. Bxb4 Rxb4 28. Kf1 Ra2 29. Rb1 Kf8 30. Ke2 Rb3 31. Kf3 Ke7 32. Ke4 Kd6 33. f4 f5+ 34. Kf3 Ra4 35. Rc3 Rab4 36. Rc2 Rxd4 37. Rc3 Rdb4 38. Rd1+ Ke7 39. Rxb3 Rxb3 40. Rd2 c5 41. Ke2 b5 42. Rc2 c4 43. Kd2 Rd3+ 44. Ke2 Kd6 45. g4 fxg4 46. hxg4 Kd5 47. Rc1 Ke4 48. Rc3 Rxc3 49. bxc3 g5 50. fxg5 hxg5 0-1

[Event "Valasska Bystrice op 13th"]
[Site "Valasska Bystrice"]
[Date "2022.09.12"]
[Round "4"]
[White "Jindrasek, Mojmir"]
[Black "Holis, Matyas"]
[Result "1/2-1/2"]
[WhiteElo "1778"]
[BlackElo "1213"]
[PlyCount "88"]
[EventDate "2022.09.10"]
[EventType "swiss"]
[EventRounds "9"]
[EventCountry "CZE"]
[SourceTitle "CBM 210 Extra"]
[Source "ChessBase"]
[SourceDate "2022.11.30"]
[SourceVersion "1"]
[SourceVersionDate "2022.11.30"]
[SourceQuality "1"]

1. e4 c5 2. Nf3 d6 3. d4 cxd4 4. Nxd4 Nf6 5. Nc3 a6 6. Be2 e6 7. Be3 Nbd7 8. Qd2 Be7 9. a4 0-0 10. 0-0 Ne5 11. f3 Bd7 12. a5 Rc8 13. Nb3 Nc4 14. Bxc4 Rxc4 15. Bb6 Qc8 16. Rac1 h6 17. Ne2 Qb8 18. c3 Rcc8 19. Rfd1 Bb5 20. Nbd4 Bxe2 21. Nxe2 Nd7 22. Bd4 e5 23. Be3 Rc6 24. Ng3 Re8 25. Nf5 Bf8 26. Bf2 Nc5 27. Qd5 Re6 28. Ne3 Qc7 29. b4 Nd7 30. c4 Rg6 31. Qd3 Nf6 32. Re1 Nh5 33. Nd5 Qd7 34. Kh1 Qd8 35. g4 Nf6 36. b5 axb5 37. cxb5 Rxc1 38. Rxc1 Qxa5 39. Rc8 Nxd5 40. Qxd5 Rf6 41. Qb3 Qd2 42. Kg2 h5 43. h3 hxg4 44. hxg4 g6 1/2-1/2